Normal view
MARC view
Entry Personal Name
001 - CONTROL NUMBER
- control field: 79813
003 - CONTROL NUMBER IDENTIFIER
- control field: dpl
005 - DATE AND TIME OF LATEST TRANSACTION
- control field: 20250321142636.0
008 - FIXED-LENGTH DATA ELEMENTS
- fixed length control field: 250321|| aca||aabn | a|a d
040 ## - CATALOGING SOURCE
- Original cataloging agency: dpl
- Transcribing agency: dpl
100 ## - HEADING--PERSONAL NAME
- Personal name: A santoshi roopa [And] S B mohan
670 ## - SOURCE DATA FOUND
- Source citation: Work cat.: (dpl)210417: Prasad, L.V.N 79812, Recruitment and selection/, 2010
